Đánh giá hiệu quả kinh tế mô hình nuôi tôm sú thâm canh và bán thâm canh ở thành phố Bạc Liêu : Luận văn thạc sĩ khoa học chuyên ngành Phát triển nông thôn

Nghiên cứu đánh giá hiện trạng sản xuất tôm sú theo mô hình nuôi TC và BTC ở TP Bạc Liêu. Đánh giá hiệu quả kinh tế của mô hình nuôi tôm sú theo mô hình TC và BTC. Nhằm xác định các yếu tố ảnh hưởng đến hiệu quả kinh tế của các hộ nuôi to...

Full beskrivning

Sparad:
Bibliografiska uppgifter
Huvudupphovsman: Trần, Văn Kiên
Materialtyp: Bok
Språk:Undetermined
Publicerad: Cần Thơ Trường Đại học Cần Thơ 2012
Ämnen:
Taggar: Lägg till en tagg
Inga taggar, Lägg till första taggen!
Thư viện lưu trữ: Trung tâm Học liệu Trường Đại học Cần Thơ
LEADER 01245nam a2200217Ia 4500
001 CTU_177581
008 210402s9999 xx 000 0 und d
082 |a 338.37168 
082 |b K305 
088 |a 60620116 
100 |a Trần, Văn Kiên 
245 0 |a Đánh giá hiệu quả kinh tế mô hình nuôi tôm sú thâm canh và bán thâm canh ở thành phố Bạc Liêu : 
245 0 |b Luận văn thạc sĩ khoa học chuyên ngành Phát triển nông thôn 
245 0 |c Trần Văn Kiên ; Nguyễn Phú Son (Hướng dẫn khoa học) 
260 |a Cần Thơ 
260 |b Trường Đại học Cần Thơ 
260 |c 2012 
520 |a Nghiên cứu đánh giá hiện trạng sản xuất tôm sú theo mô hình nuôi TC và BTC ở TP Bạc Liêu. Đánh giá hiệu quả kinh tế của mô hình nuôi tôm sú theo mô hình TC và BTC. Nhằm xác định các yếu tố ảnh hưởng đến hiệu quả kinh tế của các hộ nuôi tôm sú theo mô hình TC và BTC. 
650 |a Shrimp culture,Nuôi tôm 
904 |i Hải 
980 |a Trung tâm Học liệu Trường Đại học Cần Thơ